00719nam a2200193 a 450000100100000000500170001000800410002704000250006810000270009324500440012025000110016426000470017530000110022250000530023304900090028695201050029595201080040099900170050800002491920200930023441.0110208s2003 dr 000 0 spa d aDO-SdBNPbspacBNPHU1 aCortés, J. H.951161 0aComo lo hizo Jesús /cJ. H. Cortés. a4a ed. aSanto Domingo :bEditorial Triunfo,c2003. a104 p. aMétodo fácil y eficaz para grupos pequeños aBNPD 0010718PDaPDbPDcCTd2011-02-08iLF1l0o p24919-10r2020-06-25w2020-06-25yLFPDZNo se presta 0010718PDaPDbPDcCTd2011-03-10iLF1l0oE. 2p24919-20r2020-06-25w2020-06-25yLFPDZNo se presta c24412d24412